A világ gazdasági földrajzának áttekintése kísérleti tankönyv a tizenkétéves középiskolák 9. évfolyamának 2. félévére és a 9. átmeneti évfolyam számára

Bibliographic Details
Main Authors: Matoušek, Vladimír (Author), Doubrava, Josef, 1918-1986 (Author)
Other Authors: Balogh, Aladár (Translator)
Format: Book
Language:Hungarian
PhysicalDescription:40 s. 8°
Published: Bratislava Slovenské pedagogické nakladateľstvo 1959
Subjects:

MARC

LEADER 00000nam a2200000 a 4500
001 vtls008349149
003 SK-MaSNL
005 20260301020604.0
008 181127s1959 xo 000 hun
015 |a SKSNBA1959/08-01348 
035 |a SK01SNK19590041366 
035 |a SKM000043829 
040 |a SNK  |b slo  |c SNK  |e AACR2 
041 1 |a hun 
044 |a xo  |c SK 
080 |a 911.3:338(075.3)(100)=945.11  |2 1981 
100 1 |a Matoušek, Vladimír  |4 aut  |9 308201 
245 1 0 |a A világ gazdasági földrajzának áttekintése  |b kísérleti tankönyv a tizenkétéves középiskolák 9. évfolyamának 2. félévére és a 9. átmeneti évfolyam számára  |c Vladimír Matoušek, Jozef Doubrava ; magyarra ford. Aladár Balogh 
260 |a Bratislava  |b Slovenské pedagogické nakladateľstvo  |c 1959  |e Nitra  |f Západoslovenské tlačiarne 
300 |a 40 s.  |c 8° 
500 |a Ilustr. Pozn. Mp. 
563 |a 4700 výtl. 
650 0 7 |a ekonomická geografia  |2 SNKPH  |9 841 
655 7 |a učebnice  |2 SNKPH  |9 22521 
700 1 |a Doubrava, Josef,  |d 1918-1986  |4 aut  |9 123083 
700 1 |a Balogh, Aladár  |4 trl  |9 308203 
852 |a Slovenská národná knižnica v Martine  |b 10000  |h SD 17651 
852 |a Slovenská národná knižnica v Martine  |b 10000  |h SD 17651 D1 
919 |a brož. 
958 |a OND 
958 |a TL 
958 |a RK 
958 |a HU 
958 |a OP 
958 |a UC 
958 |a BQ 
999 |c 563339  |d 565269 
952 |a SNK  |b SNK  |y PREZ  |7 0  |p 17A0621639  |o snkSD 17651  |i snkKSP 3017/59  |0 0  |1 0  |4 0  |d 2009-07-07  |l 0  |r 2025-12-02 00:00:00  |w 2026-02-23